Loading...

Mathematical agriculture: concepts and numericals

Bibliografiske detaljer
Hovedforfatter: Amit Bhatnagar
Format: Printed Book
Udgivet: Ludhiana Kalyani Publishers 2014
Fag:
LEADER 00760nam a22002297a 4500
003 OSt
020 |a 9789327240856 
082 |a 630.210  |b AMI/MA 
100 |a Amit Bhatnagar 
245 |a Mathematical agriculture:   |b concepts and numericals 
260 |a Ludhiana  |b Kalyani Publishers  |c 2014 
300 |a 234p 
546 |a English 
650 |a Plant Population 
650 |a Seed Rate and Requirement  
650 |a Yield Estimation 
650 |a Nutrient Uptake and Use Efficiency 
650 |a Herbicide Application 
650 |a Irrigation Application 
942 |2 ddc  |c BK 
999 |c 156984  |d 156984 
952 |0 0  |1 0  |2 ddc  |4 0  |6 630_210000000000000_AMIMA  |7 0  |8 Gen  |9 156335  |a KAUCLV  |b KAUCLV  |c GENERAL  |d 2017-07-25  |g 175.00  |o 630.210 AMI/MA  |p 226858  |r 2017-07-25  |w 2017-07-25  |y BK